Governement Response (Record no. 114822)
[ view plain ]
| 000 -LEADER | |
|---|---|
| fixed length control field | 01364cad a22001935a 4500 |
| 001 - CONTROL NUMBER | |
| control field | L157530 |
| 008 - FIXED-LENGTH DATA ELEMENTS--GENERAL INFORMATION | |
| fixed length control field | 130111s2013 xxk f 000 0 eng d |
| 035 ## - SYSTEM CONTROL NUMBER | |
| System control number | (Sirsi) u157530 |
| 041 0# - LANGUAGE CODE | |
| Language code of text/sound track or separate title | eng |
| 110 2# - MAIN ENTRY--CORPORATE NAME | |
| Corporate name or jurisdiction name as entry element | United Kingdom |
| Subordinate unit | Department of Transport |
| 9 (RLIN) | 4934 |
| 245 00 - TITLE STATEMENT | |
| Title | Governement Response |
| Remainder of title | Stopping up and Diversion Orders Reform of the Application Process for Local Highways |
| 260 ## - PUBLICATION, DISTRIBUTION, ETC. | |
| Place of publication, distribution, etc. | London |
| Name of publisher, distributor, etc. | DOT |
| Date of publication, distribution, etc. | 2013 |
| 520 ## - SUMMARY, ETC. | |
| Summary, etc. | Government response to the consultation detailing proposals to simplify the process of applying for the stopping up or diversion of a highway, where this is required for the purposes of development. The main options presented in the consultation were to permit applications for a stopping up or diversion order to be submitted at the same time as applying for planning permission and to devolve decision-making to the local authority level. The government has decided not to devolve the stopping up and diversion order process to a local level but continues to support the option of allowing these applications to be made alongside planning applications. |
| 590 ## - LOCAL NOTE (RLIN) | |
| Local note | KA |
| 651 #4 - SUBJECT ADDED ENTRY--GEOGRAPHIC NAME | |
| Geographic name | England |
| 690 ## - LOCAL SUBJECT ADDED ENTRY--TOPICAL TERM (OCLC, RLIN) | |
| Topical term or geographic name as entry element | Planning and development |
| 9 (RLIN) | 6259 |
| 856 40 - ELECTRONIC LOCATION AND ACCESS | |
| Uniform Resource Identifier | <a href="https://www.gov.uk/government/uploads/system/uploads/attachment_data/file/48949/final-response.pdf">https://www.gov.uk/government/uploads/system/uploads/attachment_data/file/48949/final-response.pdf</a> |
| Public note | View the response to the consultation free of charge at www.gov.uk |
| 942 ## - ADDED ENTRY ELEMENTS (KOHA) | |
| Suppress in OPAC | 0 |
| Withdrawn status | Lost status | Source of classification or shelving scheme | Damaged status | Not for loan | Home library | Current library | Shelving location | Date acquired | Total Checkouts | Full call number | Barcode | Date last seen | Copy number | Price effective from | Koha item type |
|---|---|---|---|---|---|---|---|---|---|---|---|---|---|---|---|
| Dewey Decimal Classification | Virtual | Virtual | Online | 11/01/2013 | ONLINE PUBLICATION | 157530-2001 | 06/08/2019 | 1 | 06/08/2019 | Book |